LEADER 00935nam0-22003011i-450- 001 990003710870403321 005 20001010 010 $a928279167x 035 $a000371087 035 $aFED01000371087 035 $a(Aleph)000371087FED01 035 $a000371087 100 $a20000920d1997----km-y0itay50------ba 101 0 $aita 105 $ay-------001yy 200 1 $a<>impact of structural policies on economic and social cohesion in the Union$e1989-99 a first assessment presented by country (october 1996) 210 $aLuxemgbourg$cEuropean Communities$d1997 215 $a190 pp.$d30 cm 300 $a 710 02$aUnione europea$0361259 801 0$aIT$bUNINA$gRICA$2UNIMARC 901 $aBK 912 $a990003710870403321 952 $aF1-F4. 338$b7024$fDECTS 959 $aDECTS 996 $aImpact of structural policies on economic and social cohesion in the Union$9500632 997 $aUNINA DB $aING01 LEADER 01282nam0-2200373-#-450- 001 990002946690203316 005 20070620091604.0 010 $a92-824-3192-4 035 $a000294669 035 $aUSA01000294669 035 $a(ALEPH)000294669USA01 035 $a000294669 100 $a20070620d2006----km-y0enga50------ba 101 0 $aita 102 $aIT 105 $an|||z|||001yy 200 1 $aVersioni consolidate del Trattato sull'Unione Europea e del trattato che istituisce la Comunità europea$fUnione Europea 210 $aLussemburgo$cUfficio delle pubblicazioni ufficiali delle Comunità europee$d2006 215 $a331 p.$d25 cm 300 $aIn cop.: novembre 2006 517 $aTrattati consolidati 606 0 $aUnione europea$xOrdinamento 676 $a341.2422026 699 $a01.11$bUnione europea. Trattati 710 02$aUnione europea$0361259 801 0$aIT$bSalbc$cISBD 912 $a990002946690203316 951 $aCDE 01.11 (XLVI)$bCDE 197300$cCDE 01.11$d00149275 959 $aBK 969 $agiu 979 $aMARIAS$b90$c20070620$lUSA01$h0916 979 $aCHIARA$b90$c20101001$lUSA01$h1053 996 $aVersioni consolidate del Trattato sull'Unione Europea e del trattato che istituisce la Comunità europea$91030772 997 $aUNISA